Partizan Best Scorer By Year - Statistics

General Stats
  • This quiz has been taken 305 times
    56 since last reset
  • The average score is 14 of 50
Answer Stats
Player % Correct
Ricardo Gomes
76%
Cléo
63%
Dragan Mance
57%
Savo Milošević
57%
Aleksandar Mitrović
55%
Saldanha
55%
Saša Ilić
55%
Leonardo da Silva Souza
53%
Stjepan Bobek
53%
Umar Sadiq
53%
Lamine Diarra
49%
Predrag Mijatović
49%
Uroš Đurđević
47%
Mateja Kežman
43%
Momčilo Vukotić
39%
Léandre Tawamba
37%
Takuma Asano
37%
Andrija Delibašić
33%
Marko Valok
29%
Valeri Bojinov
29%
Ivica Iliev
27%
Petar Škuletić
27%
Stevan Jovetić
27%
Miloš Milutinović
24%
Zvonko Živković
24%
Milan Galić
20%
Zvonimir Vukić
20%
Zvonimir Vukić
20%
Bibras Natkho
18%
Mustafa Hasanagić
18%
Nemanja Kojić
18%
Vladimir Kovačević
18%
Nenad Bjeković
16%
Damir Čakar
14%
Milko Đurovski
14%
Srđan Radonjić
14%
Vladimir Ivić
14%
Obiora Odita
10%
Zvonko Varga
10%
Branislav Mihajlović
8%
Nebojša Marinković
8%
Slobodan Santrač
8%
Boško Đorđević
6%
Idriz Hošić
6%
Pavle Grubješić
6%
Dejan Stanković
4%
Goran Milojević
4%
Josip Pirmajer
4%
Todor Veselinović
4%
Ilija Katić
2%
No matching quizzes found
Score Distribution
Percent of People with Each Score
Percentile by Number Answered
Your Score History
You have not taken this quiz since the last reset